000 00724cab a2200229 4500
001 ABS52665
008 090401t1995 xxu||||| |||| 00| 0 eng d
035 _a(Sirsi) u89536
041 _aeng
100 _aWorthington, J.
245 _aDesign team selection and project success
260 _c1995
350 _a0
490 _aProperty Review
_v5(3) April 1995, 76-80(5)
520 _aStresses the importance of the selection of the design team. Describes the different types of teams and the DEGW process for selecting a design team.
650 _aBUILDING PROJECTS
650 _aCOMPETITIONS
650 _aDESIGN TEAM
690 _aBUILT ENVIRONMENT-CONSTRUCTION DESIGN
942 _n0
948 _c04/03/1997
999 _c56662
_d56662